लोड हो रहा है...

On the sociology of Islam

ग्रंथसूची विवरण
मुख्य लेखक: Shariati, Ali
स्वरूप: Printed Book
प्रकाशित: Cresent publishing company, Aligarh 1979
विषय:
LEADER 00467nam a2200157 4500
082 |a 297.27 SHA 
100 |a Shariati, Ali 
245 |a On the sociology of Islam  |c Shariati, Ali 
250
260 |a Cresent publishing company, Aligarh  |c 1979 
300 |a 125 P 
490
650 |a Islam--Economics--Sociology 
942 |c BK 
999 |c 186263  |d 186263 
952 |0 0  |1 0  |4 0  |6 297_270000000000000_SHA  |7 0  |9 199612  |a ISL  |b ISL  |l 0  |o 297.27 SHA  |p ISL00159  |r 2019-10-28  |w 2019-10-28  |y BK